|
|
|
|
| LEADER |
00000nam a2200000Ia 4500 |
| 008 |
180912b2001 cr ||||| |||| 00| | spa d |
| 999 |
|
|
|c 2372
|d 2372
|
| 090 |
|
|
|a 19.02.08
|b 297
|
| 100 |
1 |
|
|a Villarreal Montoya, Ana Lucía
|9 252
|
| 245 |
1 |
0 |
|a Programa de investigación en educación y género - PIEG /
|c Ana Lucía Villarreal Montoya
|
| 260 |
|
|
|a San José, Costa Rica :
|b IIMEC,
|c 2001
|
| 300 |
|
|
|a 18 páginas
|
| 500 |
|
|
|a El primer informe comprende el período de 1 enero 2000 al 31 diciembre 2001\El segundo informe comprende el período 1 de enero 2002 al 31 diciembre 2006
|
| 650 |
1 |
4 |
|a INFORMES DE INVESTIGACIÓN
|9 4007
|
| 650 |
1 |
4 |
|a EDUCACIÓN
|9 1
|
| 650 |
1 |
4 |
|a GÉNERO
|9 69
|
| 942 |
|
|
|i 00397 ,002182
|h 19.02.08 297
|2 z
|c 04
|
| 942 |
|
|
|i 00397 ,002182
|h 19.02.08 297
|2 z
|